00804nam a22002537a 45000010005000000030006000050050017000110080041000280200018000690400029000870500015001160820010001311000022001412450049001632500041002122600032002533000045002855050007003305200134003375210018004715210018004896500020005076500023005278360FISKH20250910091716.0250910b cb ||||| |||| 00| 0 eng d a9780531228036 aFISKHbengcFISKHdFISKH aQB857 .T73 a523.1 aK.Trammel, Howard aA true book :bGalaxies /cHoward K. Trammel aThis edition first published in 2010 aNew York :bChildren,c2010 a48 pages :bcolor illustrations ;c22 cm aZ  aAn illustrated introduction to galaxies that explains different types and shapes of galaxies, the Milky Way, and related topics. 8 a900 bLexile 8 aZ bRaz-Plus  2GalaxiesaSpace 2ScienceaAstronomy